Entry Personal Name
Number of records used in: 1
001 - CONTROL NUMBER
003 - CONTROL NUMBER IDENTIFIER
005 - DATE AND TIME OF LATEST TRANSACTION
- control field:
20180725143622.0
008 - FIXED-LENGTH DATA ELEMENTS
- fixed length control field:
180725|| aca||aabn | a|a d
040 ## - CATALOGING SOURCE
- Original cataloging agency:
OSt
- Transcribing agency:
OSt
100 ## - HEADING--PERSONAL NAME
- Personal name:
Ramu, S.Shiva
670 ## - SOURCE DATA FOUND
- Source citation:
Work cat.: (OSt)3416: Ramu, S.Shiva, TWENTIETH CENTURY MANAGEMENT TOOLS AND TECHNIQUES:organization design , 2000